<?xml version="1.0" encoding="UTF-8"?>
<collection xmlns="http://www.loc.gov/MARC21/slim">
  <record>
    <leader>00000nam  2200000   4500</leader>
    <controlfield tag="001">INLIS000000000000458</controlfield>
    <controlfield tag="005">20180724135030</controlfield>
    <controlfield tag="008">180724|||||||||   |   |||   |||| ||   | </controlfield>
    <datafield tag="035" ind1=" " ind2=" ">
      <subfield code="0">010-0718000458</subfield>
    </datafield>
    <datafield tag="041" ind1=" " ind2=" ">
      <subfield code="a">id</subfield>
    </datafield>
    <datafield tag="082" ind1=" " ind2=" ">
      <subfield code="a">019</subfield>
    </datafield>
    <datafield tag="090" ind1=" " ind2=" ">
      <subfield code="a">R 019 PIM I  2013</subfield>
    </datafield>
    <datafield tag="100" ind1=" " ind2=" ">
      <subfield code="a">Nasution, Eddy IM.</subfield>
    </datafield>
    <datafield tag="245" ind1=" " ind2=" ">
      <subfield code="a">Peningkatan Koordinasi Melalui Teknologi Informasi Dan Komunikasi di Badan Koordinasi Pemerintahan dan Pembangunan Pemerintah Propinsi Jawa Barat.</subfield>
    </datafield>
    <datafield tag="260" ind1=" " ind2=" ">
      <subfield code="a">Jakarta</subfield>
      <subfield code="b">Lembaga Administrasi Negara</subfield>
      <subfield code="c">2013</subfield>
    </datafield>
    <datafield tag="300" ind1=" " ind2=" ">
      <subfield code="a">19 hlm. ; 30 cm.</subfield>
    </datafield>
    <datafield tag="500" ind1=" " ind2=" ">
      <subfield code="a">Penggunaan teknologi informasi dan komunikasi dalam peningkatan koordinasi merupakan area perubahan yang dipilih dalam penyusunan proyek perubahan.  Koordinasi yang berjalan selama ini belum memanfaatkan teknologi informasi dan komunikasi secara optimal.  Koordinasi yang dilakukan masih didominasi secara tatap muka yang berdampak kepada koordinasi yang tidak efisien.  Besarnya biaya yang dibutuhkan dalam pelaksanaan koordinasi dapat direduksi melalui pemanfaatan teknologi informasi dan komunikasi.  Dalam rangka mewujudkan tata kelola pemerintahan yang baik, untuk mengatasi persoalan rendahnya kualitas koordinasi salah satu cara yang dilakukan adalah dengan meningkatkan efektifitas koordinasi dengan menggunakan teknologi informasi komunikasi, selaras dengan upaya mewujudkan e-government.</subfield>
    </datafield>
    <datafield tag="650" ind1=" " ind2=" ">
      <subfield code="a">Teknologi Informasi -- Proyek Perubahan PIM1</subfield>
    </datafield>
  </record>
</collection>
